[Event "Benidorm Satellite preliminary"]
[Site "playchess.com #007036"]
[Date "2009.10.24"]
[Round "12"]
[White "Wun2"]
[Black "Aref__gm"]
[Result "1-0"]
[WhiteElo "1913"]
[BlackElo "2313"]
[PlyCount "65"]
[EventDate "2009.10.24"]
[EventType "swiss (blitz)"]

1. d4 {[%emt 0:00:03]} Nf6 {[%emt 0:00:02]} 2. c4 {[%emt 0:00:01]} e6 {[%emt 0:
00:01]} 3. Nc3 {[%emt 0:00:01]} Bb4 {[%emt 0:00:00]} 4. Bg5 {[%emt 0:00:02]} c5
{[%emt 0:00:04]} 5. d5 {[%emt 0:00:01]} exd5 {[%emt 0:00:04]} 6. cxd5 {[%emt 0:
00:01]} Qa5 {[%emt 0:00:01]} 7. Bxf6 {[%emt 0:00:17]} gxf6 {[%emt 0:00:03]} 8.
Rc1 {[%emt 0:00:02]} Qxa2 {[%emt 0:00:07]} 9. e3 {[%emt 0:00:06]} d6 {[%emt 0:
00:06]} 10. Bd3 {[%emt 0:00:01]} Qxb2 {[%emt 0:00:09]} 11. Nge2 {[%emt 0:00:05]
} Bg4 {[%emt 0:00:23]} 12. f3 {[%emt 0:00:02]} Bh5 {[%emt 0:00:02]} 13. O-O {
[%emt 0:00:02]} Bxc3 {[%emt 0:00:22]} 14. Nxc3 {[%emt 0:00:02]} Rg8 {[%emt 0:
00:02]} 15. Rf2 {[%emt 0:00:09]} Qb4 {[%emt 0:00:10]} 16. Ne4 {[%emt 0:00:02]}
Nd7 {[%emt 0:00:07]} 17. Rb1 {[%emt 0:00:07]} Qa3 {[%emt 0:00:10]} 18. Rxb7 {
[%emt 0:00:19]} c4 {[%emt 0:00:17]} 19. Bxc4 {[%emt 0:00:31]} Rc8 {[%emt 0:00:
21]} 20. Qf1 {[%emt 0:00:08]} Qxe3 {[%emt 0:00:44]} 21. Kh1 {[%emt 0:00:22]}
Qa3 {[%emt 0:00:09]} 22. Re2 {[%emt 0:00:06]} Kd8 {[%emt 0:00:05]} 23. Bb5 {
[%emt 0:00:12]} Rc7 {[%emt 0:00:10]} 24. Rxc7 {[%emt 0:00:06]} Kxc7 {[%emt 0:
00:01]} 25. Bxd7 {[%emt 0:00:02]} Kxd7 {[%emt 0:00:01]} 26. Nxf6+ {[%emt 0:00:
02]} Kd8 {[%emt 0:00:03]} 27. Nxg8 {[%emt 0:00:02]} Bg6 {[%emt 0:00:01]} 28.
Qe1 {[%emt 0:00:04]} f5 {[%emt 0:00:02]} 29. Nf6 {[%emt 0:00:02]} Qc5 {[%emt 0:
00:01]} 30. Qb1 {[%emt 0:00:14] .} Kc7 {[%emt 0:00:02]} 31. Re7+ {[%emt 0:00:
04]} Kd8 {[%emt 0:00:03]} 32. Rd7+ {[%emt 0:00:03]} Kc8 {[%emt 0:00:01]} 33.
Qb7# {[%emt 0:00:01] (Lag: Av=0.76s, max=1.5s)} 1-0

[Event "Benidorm Satellite preliminary"]
[Site "playchess.com #007036"]
[Date "2009.10.24"]
[Round "12"]
[White "Casellina"]
[Black "RKO DRM"]
[Result "0-1"]
[WhiteElo "1552"]
[BlackElo "1658"]
[PlyCount "74"]
[EventDate "2009.10.24"]
[EventType "swiss (blitz)"]

1. e4 {[%emt 0:00:02]} c5 {[%emt 0:00:01]} 2. Nf3 {[%emt 0:00:01]} d6 {[%emt 0:
00:02]} 3. c3 {[%emt 0:00:01]} a6 {[%emt 0:00:01]} 4. d4 {[%emt 0:00:01]} cxd4
{[%emt 0:00:01]} 5. cxd4 {[%emt 0:00:01]} e6 {[%emt 0:00:01]} 6. Nc3 {[%emt 0:
00:01]} Nf6 {[%emt 0:00:03]} 7. Bd3 {[%emt 0:00:01]} Be7 {[%emt 0:00:04]} 8.
O-O {[%emt 0:00:02]} O-O {[%emt 0:00:17]} 9. Bg5 {[%emt 0:00:02]} Nbd7 {[%emt
0:00:01]} 10. Rc1 {[%emt 0:00:02]} Ne8 {[%emt 0:00:01]} 11. Bxe7 {[%emt 0:00:
05]} Qxe7 {[%emt 0:00:01]} 12. Bb1 {[%emt 0:00:01]} b5 {[%emt 0:00:01]} 13. a3
{[%emt 0:00:09]} Bb7 {[%emt 0:00:01]} 14. Qd3 {[%emt 0:00:08]} g6 {[%emt 0:00:
10]} 15. Qe3 {[%emt 0:00:06]} Rc8 {[%emt 0:00:06]} 16. Ne2 {[%emt 0:00:11]}
Nef6 {[%emt 0:00:02]} 17. e5 {[%emt 0:00:21]} dxe5 {[%emt 0:00:11]} 18. dxe5 {
[%emt 0:00:04]} Ng4 {[%emt 0:00:14]} 19. Qf4 {[%emt 0:00:31]} Bxf3 {[%emt 0:00:
13]} 20. gxf3 {[%emt 0:00:19]} Ngxe5 {[%emt 0:00:03]} 21. Qh6 {[%emt 0:00:01]}
Nxf3+ {[%emt 0:00:07]} 22. Kh1 {[%emt 0:00:05]} Qh4 {[%emt 0:00:08]} 23. Qxh4 {
[%emt 0:00:12]} Nxh4 {[%emt 0:00:02]} 24. Ng3 {[%emt 0:00:06]} Nf3 {[%emt 0:00:
09]} 25. Ne4 {[%emt 0:00:04]} f5 {[%emt 0:00:12]} 26. Nd6 {[%emt 0:00:07]} Rxc1
{[%emt 0:00:02]} 27. Rxc1 {[%emt 0:00:03]} Nf6 {[%emt 0:00:03]} 28. Kg2 {[%emt
0:00:05]} Ne5 {[%emt 0:00:12]} 29. Ba2 {[%emt 0:00:06]} Rd8 {[%emt 0:00:17]}
30. Bxe6+ {[%emt 0:00:06]} Kg7 {[%emt 0:00:01]} 31. Rc7+ {[%emt 0:00:13]} Kh6 {
[%emt 0:00:08]} 32. Nf7+ {[%emt 0:00:25]} Nxf7 {[%emt 0:00:02]} 33. Rxf7 {
[%emt 0:00:03]} Ne4 {[%emt 0:00:10]} 34. f3 {[%emt 0:00:06]} Rd2+ {[%emt 0:00:
12]} 35. Kh3 {[%emt 0:00:02]} Ng5+ {[%emt 0:00:01]} 36. Kg3 {[%emt 0:00:02]}
Nxf7 {[%emt 0:00:02]} 37. Bxf7 {[%emt 0:00:01]} Rxb2 {[%emt 0:00:00] Casellina
resigns} 0-1

[Event "Benidorm Satellite preliminary"]
[Site "playchess.com #007036"]
[Date "2009.10.24"]
[Round "12"]
[White "Wethalon"]
[Black "thin_white_duke"]
[Result "0-1"]
[WhiteElo "2444"]
[BlackElo "2388"]
[PlyCount "96"]
[EventDate "2009.10.24"]
[EventType "swiss (blitz)"]

1. e4 {[%emt 0:00:08]} c5 {[%emt 0:00:05]} 2. Nc3 {[%emt 0:00:02]} Nc6 {[%emt
0:00:02]} 3. g3 {[%emt 0:00:01]} g6 {[%emt 0:00:03]} 4. Bg2 {[%emt 0:00:01]}
Bg7 {[%emt 0:00:00]} 5. d3 {[%emt 0:00:00]} d6 {[%emt 0:00:01]} 6. Be3 {[%emt
0:00:01]} Rb8 {[%emt 0:00:02]} 7. Qd2 {[%emt 0:00:03]} b5 {[%emt 0:00:02]} 8.
f4 {[%emt 0:00:04]} b4 {[%emt 0:00:01]} 9. Nd1 {[%emt 0:00:01]} Bb7 {[%emt 0:
00:08]} 10. Nf3 {[%emt 0:00:02]} Nf6 {[%emt 0:00:01]} 11. h3 {[%emt 0:00:01]}
O-O {[%emt 0:00:01]} 12. O-O {[%emt 0:00:02]} Qc7 {[%emt 0:00:02]} 13. g4 {
[%emt 0:00:01]} e6 {[%emt 0:00:15]} 14. Nf2 {[%emt 0:00:14]} Nd7 {[%emt 0:00:
06]} 15. Rab1 {[%emt 0:00:05]} Nd4 {[%emt 0:00:03]} 16. f5 {[%emt 0:00:06]}
exf5 {[%emt 0:00:12]} 17. gxf5 {[%emt 0:00:02]} Nxf3+ {[%emt 0:00:11]} 18. Bxf3
{[%emt 0:00:02]} gxf5 {[%emt 0:00:02]} 19. Bh6 {[%emt 0:00:06]} Ne5 {[%emt 0:
00:01]} 20. Bg2 {[%emt 0:00:04]} fxe4 {[%emt 0:00:02]} 21. Bxg7 {[%emt 0:00:21]
} Kxg7 {[%emt 0:00:03]} 22. Qg5+ {[%emt 0:00:03]} Ng6 {[%emt 0:00:03]} 23. Ng4
{[%emt 0:00:03]} f5 {[%emt 0:00:35]} 24. Rxf5 {[%emt 0:00:11]} Rxf5 {[%emt 0:
00:02]} 25. Qxf5 {[%emt 0:00:01]} Rf8 {[%emt 0:00:01]} 26. Qg5 {[%emt 0:00:02]}
exd3 {[%emt 0:00:12]} 27. cxd3 {[%emt 0:00:22]} Bxg2 {[%emt 0:00:05]} 28. Kxg2
{[%emt 0:00:02]} Qc6+ {[%emt 0:00:02]} 29. Kh2 {[%emt 0:00:13]} Qf3 {[%emt 0:
00:02]} 30. Rg1 {[%emt 0:00:13]} Qf4+ {[%emt 0:00:02]} 31. Qxf4 {[%emt 0:00:06]
} Rxf4 {[%emt 0:00:01]} 32. Rg2 {[%emt 0:00:01]} Rd4 {[%emt 0:00:05]} 33. Nf2 {
[%emt 0:00:06]} d5 {[%emt 0:00:02]} 34. b3 {[%emt 0:00:03]} h5 {[%emt 0:00:06]}
35. Rg5 {[%emt 0:00:02]} Kh6 {[%emt 0:00:12]} 36. Rf5 {[%emt 0:00:07]} Rf4 {
[%emt 0:00:04]} 37. Rxf4 {[%emt 0:00:01]} Nxf4 {[%emt 0:00:01]} 38. Kg3 {[%emt
0:00:00]} Kg5 {[%emt 0:00:02]} 39. Kf3 {[%emt 0:00:06]} Kf5 {[%emt 0:00:03]}
40. h4 {[%emt 0:00:04]} Ng6 {[%emt 0:00:05]} 41. Kg3 {[%emt 0:00:01]} a5 {
[%emt 0:00:02]} 42. Nd1 {[%emt 0:00:12]} Ke5 {[%emt 0:00:09]} 43. Ne3 {[%emt 0:
00:18]} Kd4 {[%emt 0:00:03]} 44. Nf5+ {[%emt 0:00:01]} Kxd3 {[%emt 0:00:02]}
45. Ng7 {[%emt 0:00:00]} c4 {[%emt 0:00:02]} 46. bxc4 {[%emt 0:00:03]} dxc4 {
[%emt 0:00:01]} 47. Nxh5 {[%emt 0:00:01]} b3 {[%emt 0:00:02]} 48. axb3 {[%emt
0:00:02]} cxb3 {[%emt 0:00:01] Wethalon resigns} 0-1

[Event "Benidorm Satellite preliminary"]
[Site "playchess.com #007036"]
[Date "2009.10.24"]
[Round "12"]
[White "Novoselski"]
[Black "chanwxt"]
[Result "1-0"]
[WhiteElo "2728"]
[BlackElo "2775"]
[PlyCount "83"]
[EventDate "2009.10.24"]
[EventType "swiss (blitz)"]

1. e4 {[%emt 0:00:02]} e5 {[%emt 0:00:01]} 2. Nf3 {[%emt 0:00:01]} Nc6 {[%emt
0:00:01]} 3. Bb5 {[%emt 0:00:01]} a6 {[%emt 0:00:01]} 4. Ba4 {[%emt 0:00:01]}
Nf6 {[%emt 0:00:01]} 5. O-O {[%emt 0:00:01]} b5 {[%emt 0:00:01]} 6. Bb3 {[%emt
0:00:01]} Bb7 {[%emt 0:00:00]} 7. d3 {[%emt 0:00:01]} Bc5 {[%emt 0:00:02]} 8.
Nc3 {[%emt 0:00:01]} d6 {[%emt 0:00:03]} 9. a4 {[%emt 0:00:01]} b4 {[%emt 0:00:
03]} 10. Nd5 {[%emt 0:00:01]} Nxd5 {[%emt 0:00:07]} 11. Bxd5 {[%emt 0:00:00]}
O-O {[%emt 0:00:03]} 12. Be3 {[%emt 0:00:06]} Bb6 {[%emt 0:00:25]} 13. Bxb6 {
[%emt 0:00:09]} cxb6 {[%emt 0:00:00]} 14. Qd2 {[%emt 0:00:08]} a5 {[%emt 0:00:
05]} 15. Qe3 {[%emt 0:00:09]} Qc7 {[%emt 0:00:04]} 16. Rac1 {[%emt 0:00:11]}
Ne7 {[%emt 0:00:01]} 17. Bxb7 {[%emt 0:00:02]} Qxb7 {[%emt 0:00:00]} 18. Nd2 {
[%emt 0:00:11]} Ng6 {[%emt 0:00:10]} 19. Nc4 {[%emt 0:00:07]} Rab8 {[%emt 0:00:
09]} 20. Nxd6 {[%emt 0:00:04]} Qd7 {[%emt 0:00:01]} 21. Nb5 {[%emt 0:00:02]}
Nf4 {[%emt 0:00:07]} 22. g3 {[%emt 0:00:06]} Ne6 {[%emt 0:00:15]} 23. c3 {
[%emt 0:00:06]} bxc3 {[%emt 0:00:14]} 24. Rxc3 {[%emt 0:00:13]} Rfd8 {[%emt 0:
00:05]} 25. f4 {[%emt 0:00:06]} exf4 {[%emt 0:00:16]} 26. gxf4 {[%emt 0:00:01]}
Nc5 {[%emt 0:00:03]} 27. b3 {[%emt 0:00:05]} Nxd3 {[%emt 0:00:04]} 28. e5 {
[%emt 0:00:28]} Nc5 {[%emt 0:00:28]} 29. Nd6 {[%emt 0:00:06]} Qe6 {[%emt 0:00:
13]} 30. f5 {[%emt 0:00:03]} Qe7 {[%emt 0:00:10]} 31. f6 {[%emt 0:00:08]} gxf6
{[%emt 0:00:14]} 32. Rxf6 {[%emt 0:00:07]} Rxd6 {[%emt 0:00:16]} 33. Rxd6 {
[%emt 0:00:03]} Kh8 {[%emt 0:00:01]} 34. Qf4 {[%emt 0:00:09]} Rg8+ {[%emt 0:00:
15]} 35. Rg3 {[%emt 0:00:02]} Rxg3+ {[%emt 0:00:01]} 36. hxg3 {[%emt 0:00:01]}
Kg8 {[%emt 0:00:03]} 37. Qf6 {[%emt 0:00:02]} Qxf6 {[%emt 0:00:05]} 38. exf6 {
[%emt 0:00:00]} h5 {[%emt 0:00:01]} 39. Rxb6 {[%emt 0:00:03]} Ne4 {[%emt 0:00:
00]} 40. Kg2 {[%emt 0:00:02]} Kh7 {[%emt 0:00:01]} 41. Rb5 {[%emt 0:00:02]} Kg6
{[%emt 0:00:00]} 42. Rxa5 {[%emt 0:00:02] chanwxt resigns} 1-0

[Event "Benidorm Satellite preliminary"]
[Site "playchess.com #007036"]
[Date "2009.10.24"]
[Round "12"]
[White "Marx"]
[Black "Rubirov"]
[Result "0-1"]
[WhiteElo "1339"]
[BlackElo "1497"]
[PlyCount "66"]
[EventDate "2009.10.24"]
[EventType "swiss (blitz)"]

1. e4 {[%emt 0:00:02]} e6 {[%emt 0:00:01]} 2. Nf3 {[%emt 0:00:02]} d5 {[%emt 0:
00:01]} 3. e5 {[%emt 0:00:01]} c5 {[%emt 0:00:02]} 4. Bb5+ {[%emt 0:00:02]} Bd7
{[%emt 0:00:05]} 5. Bxd7+ {[%emt 0:00:01]} Qxd7 {[%emt 0:00:06]} 6. c3 {[%emt
0:00:01]} Nc6 {[%emt 0:00:03]} 7. d4 {[%emt 0:00:01]} cxd4 {[%emt 0:00:01]} 8.
cxd4 {[%emt 0:00:01]} Nge7 {[%emt 0:00:04]} 9. O-O {[%emt 0:00:02]} Nf5 {[%emt
0:00:03]} 10. Nc3 {[%emt 0:00:03]} a6 {[%emt 0:00:05]} 11. Re1 {[%emt 0:00:09]}
Be7 {[%emt 0:00:02]} 12. Bg5 {[%emt 0:00:05]} O-O {[%emt 0:00:05]} 13. Bxe7 {
[%emt 0:00:01]} Qxe7 {[%emt 0:00:04]} 14. a3 {[%emt 0:00:14]} Rac8 {[%emt 0:00:
13]} 15. Na4 {[%emt 0:00:23]} Rc7 {[%emt 0:00:48]} 16. Rc1 {[%emt 0:00:34]} Na5
{[%emt 0:00:15]} 17. Nc5 {[%emt 0:00:13]} Nc4 {[%emt 0:00:15]} 18. Qd3 {[%emt
0:00:22]} Nxb2 {[%emt 0:00:06]} 19. Qb3 {[%emt 0:00:15]} Nc4 {[%emt 0:00:06]}
20. Rb1 {[%emt 0:00:09]} Nxd4 {[%emt 0:00:21]} 21. Qb4 {[%emt 0:00:24]} Nxf3+ {
[%emt 0:00:05]} 22. gxf3 {[%emt 0:00:02]} Qxc5 {[%emt 0:00:02]} 23. Qxc5 {
[%emt 0:00:03]} Rxc5 {[%emt 0:00:04]} 24. Rxb7 {[%emt 0:00:00]} Rfc8 {[%emt 0:
00:06]} 25. Reb1 {[%emt 0:00:05]} g6 {[%emt 0:00:05]} 26. Kg2 {[%emt 0:00:05]}
Nxa3 {[%emt 0:00:08]} 27. R1b3 {[%emt 0:00:02]} Nc4 {[%emt 0:00:04]} 28. Kg3 {
[%emt 0:00:05]} Nxe5 {[%emt 0:00:02]} 29. Kh4 {[%emt 0:00:01]} Rc3 {[%emt 0:00:
03]} 30. Kg5 {[%emt 0:00:01]} Rxb3 {[%emt 0:00:01]} 31. Rxb3 {[%emt 0:00:02]}
Kg7 {[%emt 0:00:16]} 32. f4 {[%emt 0:00:02]} Nc4 {[%emt 0:00:06]} 33. Rh3 {
[%emt 0:00:05]} a5 {[%emt 0:00:04] Marx resigns} 0-1

[Event "Benidorm Satellite preliminary"]
[Site "playchess.com #007036"]
[Date "2009.10.24"]
[Round "12"]
[White "Direchess"]
[Black "Wolle1305"]
[Result "0-1"]
[WhiteElo "1971"]
[BlackElo "1737"]
[PlyCount "80"]
[EventDate "2009.10.24"]
[EventType "swiss (blitz)"]

1. e4 {[%emt 0:00:00]} e5 {[%emt 0:00:01]} 2. d4 {[%emt 0:00:01]} exd4 {[%emt
0:00:02]} 3. Qxd4 {[%emt 0:00:00]} Nc6 {[%emt 0:00:02]} 4. Qe3 {[%emt 0:00:01]}
d6 {[%emt 0:00:12]} 5. Nc3 {[%emt 0:00:01]} Nf6 {[%emt 0:00:01]} 6. Bd2 {[%emt
0:00:03]} Be7 {[%emt 0:00:01]} 7. O-O-O {[%emt 0:00:01]} O-O {[%emt 0:00:04]}
8. Qg3 {[%emt 0:00:01]} a5 {[%emt 0:00:09]} 9. h4 {[%emt 0:00:05]} Nh5 {[%emt
0:00:15]} 10. Qh2 {[%emt 0:00:02]} a4 {[%emt 0:00:19]} 11. a3 {[%emt 0:00:01]}
Ne5 {[%emt 0:00:10]} 12. f3 {[%emt 0:00:02]} f5 {[%emt 0:00:28]} 13. exf5 {
[%emt 0:00:00]} d5 {[%emt 0:00:33]} 14. g4 {[%emt 0:00:03]} Bd6 {[%emt 0:00:07]
} 15. Qg2 {[%emt 0:00:12]} Ng3 {[%emt 0:00:06]} 16. Rh3 {[%emt 0:00:12]} Nxf1 {
[%emt 0:00:18]} 17. Qxf1 {[%emt 0:00:01]} c6 {[%emt 0:00:00]} 18. h5 {[%emt 0:
00:11]} Nc4 {[%emt 0:00:04]} 19. h6 {[%emt 0:00:12]} Nxd2 {[%emt 0:00:20]} 20.
Kxd2 {[%emt 0:00:01]} Bf4+ {[%emt 0:00:04]} 21. Kd3 {[%emt 0:00:05]} b6 {[%emt
0:00:06]} 22. Nce2 {[%emt 0:00:22]} Ba6+ {[%emt 0:00:04]} 23. Kc3 {[%emt 0:00:
01]} Qf6+ {[%emt 0:00:14]} 24. Nd4 {[%emt 0:00:04]} Bxf1 {[%emt 0:00:05]} 25.
hxg7 {[%emt 0:00:01]} Kxg7 {[%emt 0:00:03]} 26. Rxf1 {[%emt 0:00:03]} c5 {
[%emt 0:00:01]} 27. Nge2 {[%emt 0:00:01]} cxd4+ {[%emt 0:00:02]} 28. Nxd4 {
[%emt 0:00:00]} Be5 {[%emt 0:00:01]} 29. Rd1 {[%emt 0:00:01]} Rac8+ {[%emt 0:
00:02]} 30. Kb4 {[%emt 0:00:03]} Bxd4 {[%emt 0:00:01]} 31. Kxa4 {[%emt 0:00:02]
} Ra8+ {[%emt 0:00:02]} 32. Kb3 {[%emt 0:00:01]} Bc5 {[%emt 0:00:01]} 33. Rb1 {
[%emt 0:00:00]} Qd4 {[%emt 0:00:01]} 34. c3 {[%emt 0:00:01]} Qc4+ {[%emt 0:00:
01]} 35. Kc2 {[%emt 0:00:01]} Qe2+ {[%emt 0:00:01]} 36. Kb3 {[%emt 0:00:01]} d4
{[%emt 0:00:03]} 37. Rbh1 {[%emt 0:00:00]} Rh8 {[%emt 0:00:02]} 38. Rh6 {[%emt
0:00:02]} dxc3 {[%emt 0:00:02]} 39. f6+ {[%emt 0:00:00]} Kf7 {[%emt 0:00:02]}
40. bxc3 {[%emt 0:00:01]} Rxa3# {[%emt 0:00:03]} 0-1

[Event "Benidorm Satellite preliminary"]
[Site "playchess.com #007036"]
[Date "2009.10.24"]
[Round "12"]
[White "Juckel"]
[Black "Dolorian"]
[Result "0-1"]
[WhiteElo "1520"]
[BlackElo "1503"]
[PlyCount "77"]
[EventDate "2009.10.24"]
[EventType "swiss (blitz)"]

1. e4 {[%emt 0:00:01]} c6 {[%emt 0:00:04]} 2. Nf3 {[%emt 0:00:01]} d5 {[%emt 0:
00:01]} 3. exd5 {[%emt 0:00:01]} cxd5 {[%emt 0:00:00]} 4. d4 {[%emt 0:00:00]}
Bg4 {[%emt 0:00:01]} 5. Bd3 {[%emt 0:00:01]} e6 {[%emt 0:00:02]} 6. Bf4 {[%emt
0:00:01]} Nc6 {[%emt 0:00:02]} 7. Nbd2 {[%emt 0:00:01]} Nxd4 {[%emt 0:00:02]}
8. O-O {[%emt 0:00:08]} Qb6 {[%emt 0:00:07]} 9. c3 {[%emt 0:00:06]} Nc6 {[%emt
0:00:08]} 10. Qc2 {[%emt 0:00:04]} Nge7 {[%emt 0:00:09]} 11. a4 {[%emt 0:00:13]
} g6 {[%emt 0:00:08]} 12. b4 {[%emt 0:00:03]} Bg7 {[%emt 0:00:03]} 13. a5 {
[%emt 0:00:01]} Qc7 {[%emt 0:00:04]} 14. Rfe1 {[%emt 0:00:04]} Rc8 {[%emt 0:00:
07]} 15. Bxc7 {[%emt 0:00:03]} Rxc7 {[%emt 0:00:03]} 16. Bb5 {[%emt 0:00:08]}
O-O {[%emt 0:00:03]} 17. Rac1 {[%emt 0:00:04]} Nxb4 {[%emt 0:00:01]} 18. Qb3 {
[%emt 0:00:08]} Nbc6 {[%emt 0:00:09]} 19. Bxc6 {[%emt 0:00:04]} Nxc6 {[%emt 0:
00:04]} 20. Nd4 {[%emt 0:00:03]} Nxa5 {[%emt 0:00:02]} 21. Qa4 {[%emt 0:00:08]}
b6 {[%emt 0:00:05]} 22. Nxe6 {[%emt 0:00:05]} Bxe6 {[%emt 0:00:11]} 23. Nf3 {
[%emt 0:00:08]} Bxc3 {[%emt 0:00:06]} 24. Red1 {[%emt 0:00:10]} Rfc8 {[%emt 0:
00:03]} 25. Ng5 {[%emt 0:00:45]} Rc4 {[%emt 0:00:23]} 26. Qa3 {[%emt 0:00:23]}
Bb4 {[%emt 0:00:15]} 27. Qf3 {[%emt 0:00:02]} Rxc1 {[%emt 0:00:03]} 28. Nxe6 {
[%emt 0:00:04]} fxe6 {[%emt 0:00:12]} 29. h4 {[%emt 0:00:15]} Bd6 {[%emt 0:00:
03]} 30. g3 {[%emt 0:00:04]} R1c3 {[%emt 0:00:06]} 31. Qe2 {[%emt 0:00:08]} Re8
{[%emt 0:00:11]} 32. Rxd5 {[%emt 0:00:05]} Bc5 {[%emt 0:00:02]} 33. Rd7 {[%emt
0:00:22]} Nc6 {[%emt 0:00:12]} 34. Qb2 {[%emt 0:00:06]} Bd4 {[%emt 0:00:10]}
35. Qb1 {[%emt 0:00:06]} Rf3 {[%emt 0:00:05]} 36. Rd6 {[%emt 0:00:02]} Bxf2+ {
[%emt 0:00:02]} 37. Kh2 {[%emt 0:00:00]} Bxg3+ {[%emt 0:00:02]} 38. Kh1 {[%emt
0:00:02]} Bxd6 {[%emt 0:00:01]} 39. Qb5 {[%emt 0:00:04] Juckel gibt auf} 0-1

[Event "Benidorm Satellite preliminary"]
[Site "playchess.com #007036"]
[Date "2009.10.24"]
[Round "12"]
[White "huseyinist"]
[Black "Slobster"]
[Result "1/2-1/2"]
[WhiteElo "1495"]
[BlackElo "1678"]
[PlyCount "106"]
[EventDate "2009.10.24"]
[EventType "swiss (blitz)"]

1. e4 {[%emt 0:00:02]} e5 {[%emt 0:00:00]} 2. Nf3 {[%emt 0:00:02]} Nc6 {[%emt
0:00:00]} 3. Bc4 {[%emt 0:00:02]} Nf6 {[%emt 0:00:00]} 4. d3 {[%emt 0:00:00]}
Be7 {[%emt 0:00:01]} 5. Nc3 {[%emt 0:00:01]} O-O {[%emt 0:00:00]} 6. O-O {
[%emt 0:00:02]} d6 {[%emt 0:00:00]} 7. h3 {[%emt 0:00:01]} Bg4 {[%emt 0:00:00]}
8. hxg4 {[%emt 0:00:02]} Nxg4 {[%emt 0:00:01]} 9. Nh2 {[%emt 0:00:07]} Nxh2 {
[%emt 0:00:03]} 10. Kxh2 {[%emt 0:00:01]} Kh8 {[%emt 0:00:01]} 11. Nd5 {[%emt
0:00:04]} f5 {[%emt 0:00:01]} 12. Nxe7 {[%emt 0:00:02]} Qxe7 {[%emt 0:00:01]}
13. exf5 {[%emt 0:00:09]} Rxf5 {[%emt 0:00:03]} 14. Be3 {[%emt 0:00:15]} Qh4+ {
[%emt 0:00:02]} 15. Kg1 {[%emt 0:00:02]} Rh5 {[%emt 0:00:01]} 16. f3 {[%emt 0:
00:11]} Qh2+ {[%emt 0:00:04]} 17. Kf2 {[%emt 0:00:01]} Qh4+ {[%emt 0:00:02]}
18. Ke2 {[%emt 0:00:03]} Nd4+ {[%emt 0:00:02]} 19. Bxd4 {[%emt 0:00:02]} exd4 {
[%emt 0:00:01]} 20. c3 {[%emt 0:00:20]} Re8+ {[%emt 0:00:04]} 21. Kd2 {[%emt 0:
00:01]} Qg3 {[%emt 0:00:06]} 22. Kc2 {[%emt 0:00:38]} Qxg2+ {[%emt 0:00:04]}
23. Kb3 {[%emt 0:00:01]} b5 {[%emt 0:00:07]} 24. Bf7 {[%emt 0:00:10]} Rhe5 {
[%emt 0:00:20]} 25. Bxe8 {[%emt 0:00:03]} Rxe8 {[%emt 0:00:02]} 26. Qc2 {[%emt
0:00:04]} Qg6 {[%emt 0:00:03]} 27. cxd4 {[%emt 0:00:04]} Qe6+ {[%emt 0:00:09]}
28. Kc3 {[%emt 0:00:05]} b4+ {[%emt 0:00:04]} 29. Kxb4 {[%emt 0:00:11]} c5+ {
[%emt 0:00:20]} 30. dxc5 {[%emt 0:00:09]} dxc5+ {[%emt 0:00:06]} 31. Qxc5 {
[%emt 0:00:09]} Rb8+ {[%emt 0:00:02]} 32. Kc3 {[%emt 0:00:12]} Rc8 {[%emt 0:00:
04]} 33. Qc4 {[%emt 0:00:05]} Qe5+ {[%emt 0:00:12]} 34. Kb3 {[%emt 0:00:15]}
Rxc4 {[%emt 0:00:06]} 35. dxc4 {[%emt 0:00:01]} Qe3+ {[%emt 0:00:06]} 36. Kb4 {
[%emt 0:00:05]} Qb6+ {[%emt 0:00:02]} 37. Ka3 {[%emt 0:00:07]} Qc5+ {[%emt 0:
00:02]} 38. Kb3 {[%emt 0:00:01]} Qe3+ {[%emt 0:00:02]} 39. Kb4 {[%emt 0:00:02]}
Qb6+ {[%emt 0:00:01]} 40. Kc3 {[%emt 0:00:01]} Qe3+ {[%emt 0:00:01]} 41. Kc2 {
[%emt 0:00:02]} Qe2+ {[%emt 0:00:03]} 42. Kb3 {[%emt 0:00:02]} Qd3+ {[%emt 0:
00:01]} 43. Kb4 {[%emt 0:00:01]} Qd6+ {[%emt 0:00:06]} 44. c5 {[%emt 0:00:06]}
Qb8+ {[%emt 0:00:03]} 45. Kc4 {[%emt 0:00:06]} Qg8+ {[%emt 0:00:06]} 46. Kc3 {
[%emt 0:00:03]} Qd5 {[%emt 0:00:07]} 47. b4 {[%emt 0:00:02]} Qe5+ {[%emt 0:00:
03]} 48. Kc4 {[%emt 0:00:02]} Qe2+ {[%emt 0:00:03]} 49. Kb3 {[%emt 0:00:03]}
Qd3+ {[%emt 0:00:02]} 50. Ka4 {[%emt 0:00:03]} Qa6+ {[%emt 0:00:04]} 51. Kb3 {
[%emt 0:00:01]} Qd3+ {[%emt 0:00:01]} 52. Kb2 {[%emt 0:00:03]} Qd2+ {[%emt 0:
00:01]} 53. Kb3 {[%emt 0:00:01]} Qd3+ {[%emt 0:00:01]} 1/2-1/2

[Event "Benidorm Satellite preliminary"]
[Site "playchess.com #007036"]
[Date "2009.10.24"]
[Round "12"]
[White "Xankov"]
[Black "chess-vador"]
[Result "1-0"]
[WhiteElo "1820"]
[BlackElo "1800"]
[PlyCount "71"]
[EventDate "2009.10.24"]
[EventType "swiss (blitz)"]

1. c4 {[%emt 0:00:03]} Nf6 {[%emt 0:00:02]} 2. g3 {[%emt 0:00:02]} g6 {[%emt 0:
00:06]} 3. Bg2 {[%emt 0:00:01]} Bg7 {[%emt 0:00:00]} 4. Nc3 {[%emt 0:00:01]}
O-O {[%emt 0:00:02]} 5. e4 {[%emt 0:00:01]} c5 {[%emt 0:00:04]} 6. Nge2 {[%emt
0:00:09]} Na6 {[%emt 0:00:10]} 7. a3 {[%emt 0:00:05]} d6 {[%emt 0:00:04]} 8.
O-O {[%emt 0:00:02]} Nc7 {[%emt 0:00:04]} 9. d3 {[%emt 0:00:04]} Rb8 {[%emt 0:
00:03]} 10. Bg5 {[%emt 0:00:06]} b5 {[%emt 0:00:04]} 11. Qd2 {[%emt 0:00:14]}
bxc4 {[%emt 0:00:13]} 12. dxc4 {[%emt 0:00:02]} Ne6 {[%emt 0:00:04]} 13. Bh6 {
[%emt 0:00:09]} Bxh6 {[%emt 0:00:04]} 14. Qxh6 {[%emt 0:00:01]} Rxb2 {[%emt 0:
00:01]} 15. Nf4 {[%emt 0:00:10]} Ng4 {[%emt 0:00:17]} 16. Nxe6 {[%emt 0:00:19]}
Bxe6 {[%emt 0:00:40]} 17. Qh4 {[%emt 0:00:21]} Ne5 {[%emt 0:00:25]} 18. Nd5 {
[%emt 0:00:07]} Bxd5 {[%emt 0:00:08]} 19. cxd5 {[%emt 0:00:07]} e6 {[%emt 0:00:
13]} 20. Qf4 {[%emt 0:00:11]} exd5 {[%emt 0:00:03]} 21. exd5 {[%emt 0:00:01]}
Qa5 {[%emt 0:00:16]} 22. h4 {[%emt 0:00:03]} Qd2 {[%emt 0:00:03]} 23. Qf6 {
[%emt 0:00:03]} Ng4 {[%emt 0:00:06]} 24. Qf3 {[%emt 0:00:20]} Ne5 {[%emt 0:00:
09]} 25. Qf6 {[%emt 0:00:01]} Qd4 {[%emt 0:00:10]} 26. Qxd6 {[%emt 0:00:03]}
Nd3 {[%emt 0:00:04]} 27. Rad1 {[%emt 0:00:11]} Rxf2 {[%emt 0:00:04]} 28. Rxd3 {
[%emt 0:00:09]} Rxf1+ {[%emt 0:00:02]} 29. Kxf1 {[%emt 0:00:03]} Qxd3+ {[%emt
0:00:01]} 30. Kg1 {[%emt 0:00:03]} Qxa3 {[%emt 0:00:03]} 31. Qe7 {[%emt 0:00:
06]} Qa1+ {[%emt 0:00:07]} 32. Kh2 {[%emt 0:00:02]} Qa5 {[%emt 0:00:06]} 33. d6
{[%emt 0:00:01]} Qd8 {[%emt 0:00:02]} 34. Bc6 {[%emt 0:00:14] .} Kg7 {[%emt 0:
00:07]} 35. Qe5+ {[%emt 0:00:04]} f6 {[%emt 0:00:02]} 36. Qe7+ {[%emt 0:00:01]
Temps} 1-0